Postavení dělnické třídy v kapitalistickém Československu 1918-1938

Saved in:
Bibliographic Details
Main Author: Chyba, Antonín
Format: Book
Language:Czech
Published: Praha Státní nakladatelství politické literatury 1961
Tags: Add Tag
No Tags, Be the first to tag this record!

MARC

LEADER 00000nam a2200000 4500
001 c123335
005 20240906074024.4
041 0 |a cze 
044 |a CZ 
245 1 0 |a Postavení dělnické třídy v kapitalistickém Československu 1918-1938  |c Antonín Chyba 
264 1 |a Praha  |b Státní nakladatelství politické literatury  |c 1961 
300 |a 272 s. 
100 1 |a Chyba, Antonín